Cybercriminals / (Record no. 2499)

MARC details
000 -LEADER
fixed length control field 01154cam a2200265 i 4500
005 - DATE AND TIME OF LATEST TRANSACTION
control field 20240108094228.0
020 ## - INTERNATIONAL STANDARD BOOK NUMBER
International Standard Book Number 9780531220788
040 ## - CATALOGING SOURCE
Original cataloging agency DLC
Language of cataloging eng
Transcribing agency DLC
Description conventions rda
Modifying agency DLC
050 00 - LIBRARY OF CONGRESS CALL NUMBER
Classification number HV6773.M366
082 00 - DEWEY DECIMAL CLASSIFICATION NUMBER
Classification number 364.16
100 1# - MAIN ENTRY--PERSONAL NAME
Personal name Mara, Wil
245 10 - TITLE STATEMENT
Title Cybercriminals /
Statement of responsibility, etc. Wil Mara
260 ## - PUBLICATION, DISTRIBUTION, ETC.
Place of publication, distribution, etc. New York :
Name of publisher, distributor, etc. Scholastic,
Date of publication, distribution, etc. 2016
300 ## - PHYSICAL DESCRIPTION
Extent 48 unnumbered page :
Dimensions 22 cm
Other physical details Color illustrations ;
490 0# - SERIES STATEMENT
Series statement A true book
505 ## - FORMATTED CONTENTS NOTE
Formatted contents note Z <br/>
520 ## - SUMMARY, ETC.
Summary, etc. The Internet offers a huge range of incredible benefits to its users. Unfortunately, it also provides criminals with a whole new way to lie, steal, and cheat from behind the safety of a computer screen. Readers will find out how these cutting-edge criminals hack into bank accounts, steal information, and much more while remaining a step ahead of the authorities. They will also learn how to protect themselves from cybercrime and use the Internet safely.
521 ## - TARGET AUDIENCE NOTE
Target audience note 900 <br/>
Source Lexile <br/>
521 ## - TARGET AUDIENCE NOTE
Target audience note Z <br/>
Source Raz-Plus <br/>
650 #0 - SUBJECT ADDED ENTRY--TOPICAL TERM
Topical term or geographic name entry element Computer crimes.
650 #0 - SUBJECT ADDED ENTRY--TOPICAL TERM
Topical term or geographic name entry element Internet
General subdivision Safety measures.
906 ## - LOCAL DATA ELEMENT F, LDF (RLIN)
a 7
b cbc
c orignew
d 1
e ecip
f 20
g y-gencatlg
942 ## - ADDED ENTRY ELEMENTS (KOHA)
Source of classification or shelving scheme Dewey Decimal Classification
Koha item type Books
Suppress in OPAC No
999 ## -
-- 2499
-- 2499
Holdings
Withdrawn status Lost status Source of classification or shelving scheme Damaged status Not for loan Collection Home library Current library Shelving location Date acquired Total Checkouts Full call number Barcode Date last seen Price effective from Koha item type
    Dewey Decimal Classification     Non-Fiction Footprints International School Library Network Toul Kork Campus Footprints International School Library Network Toul Kork Campus TTP Secondary Non-Fiction Bookshelves 12/13/2023   MAR 364.16 HV6773.M366 FISTK05517 12/13/2023 12/13/2023 Books